| 000 | 00358cam a22001097a 4500 | ||
|---|---|---|---|
| 008 | 180718b1970 xxu||||| |||| 00| 0 eng d | ||
| 082 | _aR61x42 Un3s | ||
| 245 |
_aHours and employment of women and young persons _cby Department of Employment |
||
| 260 |
_aLondon _bHer Majesty's Stationery Office _c1970 |
||
| 300 | _a27p | ||
| 700 | _aU.K. Department of Employment | ||
| 999 |
_c496199 _d496199 |
||